Historia de Costa Rica
Guardat en:
| Autor principal: | |
|---|---|
| Format: | Llibre |
| Idioma: | espanyol |
| Publicat: |
San José
Trejos
1962
|
| Edició: | 11a. ed |
| Matèries: | |
| Etiquetes: |
Afegir etiqueta
Sense etiquetes, Sigues el primer a etiquetar aquest registre!
|
MARC
| LEADER | 00000nam a2200000 a 4500 | ||
|---|---|---|---|
| 001 | UCO1038 | ||
| 003 | CL-VaPUC | ||
| 008 | 000505e19620000CR |||||||||||||||||spa|d | ||
| 082 | 0 | 4 | |a 972.86 |b MON |2 21 |
| 100 | |a Monge Alfaro, Carlos |e autor |9 442779 | ||
| 245 | 1 | 0 | |a Historia de Costa Rica |
| 250 | |a 11a. ed | ||
| 300 | |a 282 p | ||
| 942 | |c BK | ||
| 945 | |d 20000505 00:00:00 |a crobeson | ||
| 260 | |a San José |b Trejos |c 1962 | ||
| 650 | 0 | |a Historia |9 255047 | |
| 650 | 0 | |a Enseñanza de la historia |9 307330 | |
| 650 | 0 | |a Culturas indígenas |9 266389 | |
| 650 | 7 | |a DESCUBRIMIENTO DE AMERICA |2 CL-VaPUC |9 442780 | |
| 650 | 0 | |a Conquista |9 339504 | |
| 650 | 7 | |a COLONIA |2 CL-VaPUC |9 442781 | |
| 650 | 0 | |a Desarrollo económico y social |9 256320 | |
| 651 | 0 | |a Costa Rica |9 225304 | |
| 583 | |a last modification |c 20000505 00:00:00 |k Rodrigo Vera | ||
| 999 | |c 287671 |d 287669 | ||
| 952 | |0 0 |1 0 |4 0 |6 972_860000000000000_MON_1962 |7 0 |8 A |9 334617 |a BIBHIS |b BIBHIS |d 2019-11-20 |i 1272993 |o 972.86 MON 1962 |p 1272993 |r 2025-01-20 |w 2019-11-20 |y BK |k HIS | ||